| 000 | 00780nam a22002417a 4500 | ||
|---|---|---|---|
| 003 | BD-DhJNU | ||
| 005 | 20250309045728.0 | ||
| 008 | 250309b |||||||| |||| 00| 0 eng d | ||
| 020 | _a9781292042850 | ||
| 020 | _a9781291042855 | ||
| 040 |
_aBD-DhJNU _bENG _cBD-DhJNU _dBD-DhJNU |
||
| 082 |
_223 _a302.2 SEC |
||
| 100 | _aSeverin, Werner J. | ||
| 245 |
_aCommunication theories : _borigin, methods, and uses in the mass media / _cWerner J. Severin and James W. Tankard |
||
| 250 | _a5th ed. | ||
| 260 |
_aUnited States of America : _bPearson Education, _c2014. |
||
| 300 |
_axv, 411p. : _bill. ; _c25 cm. |
||
| 504 | _aIncludes bibliographical references and index | ||
| 650 | _aCommunication | ||
| 650 | _aMass media | ||
| 700 | _aTankard, James W. | ||
| 942 |
_2ddc _cBK _n0 |
||
| 999 |
_c1463 _d1463 |
||